000 00855nam a2200253 i 4500
001 105494
003 ES-MaACL
005 20250319063309.0
007 t|
008 060719s1961 sp ||||1| spa d
080 _a33 (Flores de Lemus, Antonio)
100 _aVelarde Fuertes, Juan,
_9236903
_d1927-2023
245 1 0 _aFlores de Lemus ante la economía española /
_cJuan Velarde Fuertes.
260 _aMadrid :
_bInstituto de Estudios Políticos,
_c1961.
300 _a334 p., 5 h. gráf. pleg. ;
_c22 cm.
490 1 _aEstudios de economía
500 _aBiblioteca Juan Andrade.
600 1 4 _aFlores de Lemus, Antonio.
_951277
710 2 _aInstituto de Estudios Políticos (Madrid)
_94924
830 0 _aEstudios de economía
_9232736
852 _aES-MaACL
_jAND-312
_bR.109617
942 _2udc
999 _c105494
_d105494